| 000 | 00851cad a22002175a 4500 | ||
|---|---|---|---|
| 001 | E154014 | ||
| 008 | 111004e20110921xxk s000 0 eng d | ||
| 035 | _a(Sirsi) u154014 | ||
| 041 | 0 | _aeng | |
| 110 | 2 |
_aScotland _bScottish Government _95344 |
|
| 245 | 0 | 0 |
_aCrofting reform _h[electronic resource] |
| 260 | _c2011 | ||
| 490 |
_aScottish Government News Release _v21 September 2011 |
||
| 520 | _aA second commencement order has been placed before the Scottish Parliament to implement the next phase of crofting reform. | ||
| 590 | _aKA | ||
| 650 | 2 | 4 | _aCROFTING REFORM (SCOTLAND) ACT 2010 |
| 651 | 4 |
_aScotland _y1999- |
|
| 690 | _aENVIRONMENTAL AND LAND CONSULTANCY-AGRIBUSINESS-AGRICULTURE | ||
| 856 | 4 | 0 |
_uhttps://www.scotland.gov.uk/News/Releases/2011/09/21125830 _zView the news release free of charge at www.scotland.gov.uk... |
| 942 | _n0 | ||
| 999 |
_c83451 _d83451 |
||